000 00301nam a22001337a 4500
008 180302b xxu||||| |||| 00| 0 eng d
020 _a0808736248
041 _aeng
080 _a338
100 _a53
101 _aMNG
245 _aAquatic Organization & Management
_cJorney, J.A
942 _2udc
_cBK
999 _c44035
_d44035